| 000 | 01396nam a2200385 c 4500 | ||
|---|---|---|---|
| 001 | 19949 | ||
| 003 | ES-MaCES | ||
| 005 | 20150929135821.0 | ||
| 008 | 070411s2006 sp o t 010 | spa d | ||
| 017 |
_aM 51030-2006 _bDL |
||
| 035 | _aCES20070004330m | ||
| 040 |
_aES-MaCES _bspa _cES-MaCES |
||
| 245 | 0 | 4 |
_aLos sistemas de solución extrajudicial de conflictos laborales _b: situación actual y perspectivas de futuro : (en memoria del prof. Javier Matía Prim) _ccoordinador por Fernando Valdés Dal-Ré |
| 260 |
_aMadrid _bFundación SIMA _c2006 |
||
| 300 |
_a236, [28 p.] _bfot. col. _c24 cm |
||
| 541 | _cGratuito | ||
| 630 | 0 | 4 |
_aAcuerdo sobre Solución Extrajudicial de Conflictos Laborales _d1996 _933301 |
| 650 | 4 |
_aconflicto de trabajo _928367 |
|
| 650 | 4 |
_aarreglo de conflicto _927305 |
|
| 650 | 4 |
_amediación _929897 |
|
| 650 | 4 |
_aarbitraje _927302 |
|
| 650 | 4 |
_aconciliación _927303 |
|
| 650 | 4 |
_aEspaña _926964 |
|
| 650 | 4 |
_anorma del trabajo _928215 |
|
| 650 | 4 |
_aderecho comunitario _929866 |
|
| 653 | 1 | 0 | _aRelaciones laborales-Empleo |
| 650 | 4 |
_928369 _arelaciones laborales |
|
| 650 | 4 |
_930664 _aconcertación social |
|
| 700 | 1 |
_aMatía Prim, Javier _918147 |
|
| 700 | 1 |
_aValdés Dal-Ré, Fernando _ecol. _925408 |
|
| 710 | 2 |
_aFundación SIMA _eed. _93909 |
|
| 902 | _aLIB Libro | ||
| 942 |
_2CES _cBK _h2.0. |
||
| 999 |
_c19949 _d19949 |
||